[Event "WchT 12th"]
[Site "Astana"]
[Date "2019.03.14"]
[Round "9.15"]
[White "Onischuk, Alexander"]
[Black "Tabatabaei, Mohammad Amin"]
[Result "1-0"]
[WhiteElo "2647"]
[BlackElo "2600"]
[PlyCount "117"]
[EventDate "2019.03.05"]
[EventType "team-tourn"]
[EventRounds "9"]
[EventCountry "KAZ"]
[SourceTitle "CBM 189"]
[Source "ChessBase"]
[SourceDate "2019.04.29"]
[SourceVersion "1"]
[SourceVersionDate "2019.04.29"]
[SourceQuality "1"]
[WhiteTeam "United States"]
[BlackTeam "Iran"]
[WhiteTeamCountry "USA"]
[BlackTeamCountry "IRI"]

1. d4 Nf6 2. c4 e6 3. Nc3 Bb4 4. g3 0-0 5. Bg2 Bxc3+ 6. bxc3 d6 7. Nf3 Nc6 8. c5 dxc5 9. Ba3 Nd7 10. 0-0 Re8 11. Rb1 Qf6 12. e3 e5 13. Re1 h6 14. Qc2 b6 15. Qa4 Bb7 16. d5 Rad8 17. dxc6 Bxc6 18. Qh4 e4 19. Qxf6 Nxf6 20. Nh4 Rd2 21. Rb2 Rd3 22. Bf1 Red8 23. Bxd3 exd3 24. c4 g5 25. Nf5 Bf3 26. Rd2 Ne4 27. Bc1 Kh7 28. g4 Bxg4 29. Ng3 Nxd2 30. Bxd2 Kg6 31. Kg2 h5 32. f3 Be6 33. Rc1 f6 34. Ne4 Bf5 35. Nf2 a5 36. Rc3 h4 37. Kf1 Be6 38. Ke1 Kh5 39. a3 f5 40. Nxd3 Bxc4 41. Nxc5 Bd5 42. e4 Re8 43. Kf2 fxe4 44. Nxe4 Bxe4 45. fxe4 Rxe4 46. Rxc7 Kg4 47. Rc3 Re6 48. Rb3 Rf6+ 49. Kg2 Re6 50. h3+ Kh5 51. Kf2 Rf6+ 52. Ke2 Re6+ 53. Be3 Re4 54. Rb5 Kh6 55. Kf3 Ra4 56. Bxg5+ Kh7 57. Be7 Rd4 58. Rxb6 a4 59. Bb4 1-0

[Event "WchT 12th"]
[Site "Astana"]
[Date "2019.03.05"]
[Round "1.11"]
[White "Fawzy, Adham"]
[Black "Onischuk, Alexander"]
[Result "1/2-1/2"]
[WhiteElo "2461"]
[BlackElo "2647"]
[PlyCount "114"]
[EventDate "2019.03.05"]
[EventType "team-tourn"]
[EventRounds "9"]
[EventCountry "KAZ"]
[SourceTitle "CBM 189"]
[Source "ChessBase"]
[SourceDate "2019.04.29"]
[SourceVersion "1"]
[SourceVersionDate "2019.04.29"]
[SourceQuality "1"]
[WhiteTeam "Egypt"]
[BlackTeam "United States"]
[WhiteTeamCountry "EGY"]
[BlackTeamCountry "USA"]

1. e4 e5 2. Nf3 Nc6 3. Bb5 a6 4. Ba4 Nf6 5. 0-0 Bc5 6. d3 b5 7. Bb3 d6 8. c3 0-0 9. a4 Rb8 10. Bg5 h6 11. Be3 Bxe3 12. fxe3 d5 13. axb5 dxe4 14. Nfd2 axb5 15. Nxe4 Nxe4 16. dxe4 Qxd1 17. Rxd1 Bg4 18. Rf1 Nd8 19. Ra7 Be6 20. Nd2 Bxb3 21. Nxb3 Ne6 22. Rd1 Ra8 23. Ra5 c5 24. Rd5 c4 25. Rxa8 Rxa8 26. Nd2 Rd8 27. Nf3 Rb8 28. Rxe5 b4 29. Nd4 Nxd4 30. exd4 bxc3 31. bxc3 Rb3 32. Re8+ Kh7 33. Kf2 Rxc3 34. Rc8 f6 35. Rc7 h5 36. h4 Kg6 37. Rc5 Kf7 38. Rc7+ Kg6 39. Rc5 Kh6 40. Rc6 Kg6 41. d5 Kf7 42. Rc7+ Kf8 43. Ke2 Rg3 44. Kf2 Rd3 45. Rc8+ Kf7 46. Rc7+ Kf8 47. Rc5 c3 48. Ke2 Rg3 49. Rc7 Rxg2+ 50. Kd3 c2 51. Rxc2 Rxc2 52. Kxc2 g5 53. hxg5 fxg5 54. Kd3 h4 55. Ke3 h3 56. Kf2 Ke7 57. Kg3 g4 1/2-1/2

[Event "USA-ch"]
[Site "Saint Louis"]
[Date "2018.04.27"]
[Round "9"]
[White "Izoria, Zviad"]
[Black "Onischuk, Alexander"]
[Result "1/2-1/2"]
[WhiteElo "2599"]
[BlackElo "2672"]
[PlyCount "94"]
[EventDate "2018.04.18"]
[EventType "tourn"]
[EventRounds "11"]
[EventCountry "USA"]
[EventCategory "17"]
[SourceTitle "CBM 184"]
[Source "ChessBase"]
[SourceDate "2018.05.16"]
[SourceVersion "1"]
[SourceVersionDate "2018.05.16"]
[SourceQuality "1"]

1. Nf3 d5 2. d4 Nf6 3. c4 e6 4. Nc3 Be7 5. Bg5 h6 6. Bh4 0-0 7. e3 b6 8. Be2 Bb7 9. Bxf6 Bxf6 10. cxd5 exd5 11. b4 c5 12. bxc5 bxc5 13. Rb1 Bc6 14. 0-0 Nd7 15. Bb5 Qc7 16. Qd2 Rab8 17. Bxc6 Qxc6 18. dxc5 Bxc3 19. Qxc3 Qxc5 20. Qxc5 Nxc5 21. Nd4 Rfc8 22. g3 Ne4 23. Rb3 Nd2 24. Rxb8 Rxb8 25. Rc1 Rb2 26. a4 Ra2 27. Rc8+ Kh7 28. Rc7 Rxa4 29. Rxf7 Ne4 30. f3 Ra1+ 31. Kg2 Ra2+ 32. Kg1 Ng5 33. Rd7 a5 34. Rxd5 a4 35. Ra5 Nf7 36. Nf5 a3 37. f4 Nd8 38. Nd4 Nb7 39. Ra7 Nd6 40. f5 Kg8 41. g4 Nc4 42. Nb5 Rb2 43. Nxa3 Nxe3 44. h3 h5 45. gxh5 Rg2+ 46. Kh1 Rg3 47. Kh2 Rg2+ 1/2-1/2

[Event "USA-ch"]
[Site "Saint Louis"]
[Date "2018.04.22"]
[Round "5"]
[White "Onischuk, Alexander"]
[Black "Robson, Ray"]
[Result "1/2-1/2"]
[WhiteElo "2672"]
[BlackElo "2660"]
[PlyCount "101"]
[EventDate "2018.04.18"]
[EventType "tourn"]
[EventRounds "11"]
[EventCountry "USA"]
[EventCategory "17"]
[SourceTitle "CBM 184"]
[Source "ChessBase"]
[SourceDate "2018.05.16"]
[SourceVersion "1"]
[SourceVersionDate "2018.05.16"]
[SourceQuality "1"]

1. d4 Nf6 2. c4 g6 3. Nc3 d5 4. cxd5 Nxd5 5. e4 Nxc3 6. bxc3 Bg7 7. Nf3 c5 8. Be3 Qa5 9. Qd2 Nc6 10. Rb1 cxd4 11. cxd4 0-0 12. Qxa5 Nxa5 13. Bd3 Bg4 14. h3 Bxf3 15. gxf3 Rfd8 16. d5 e6 17. Bg5 f6 18. Bd2 b6 19. Bxa5 bxa5 20. Bc4 Rac8 21. Bb3 exd5 22. Bxd5+ Kf8 23. 0-0 Rc7 24. Rb5 f5 25. Rxa5 Bd4 26. Rb5 Kg7 27. Rd1 Bb6 28. Rd2 Rc3 29. Kg2 Kf6 30. Re2 Rdc8 31. Bb3 R8c5 32. e5+ Ke7 33. Rxc5 Rxc5 34. f4 Rc7 35. h4 Rd7 36. Rc2 Rd4 37. Kg3 Rd3+ 38. f3 Ba5 39. Rc8 Be1+ 40. Kg2 Rd8 41. Rc1 Bd2 42. Rc4 Be3 43. h5 gxh5 44. Rc7+ Rd7 45. Rc6 Rd2+ 46. Kf1 Rf2+ 47. Ke1 Rxf3 48. Ke2 Rg3 49. Rf6 Bxf4 50. Rxf5 Bg5 51. Rf7+ 1/2-1/2

[Event "Saint Louis Spring-A"]
[Site "Saint Louis"]
[Date "2018.03.08"]
[Round "3"]
[White "Onischuk, Alexander"]
[Black "Bruzon Batista, Lazaro"]
[Result "1/2-1/2"]
[WhiteElo "2681"]
[BlackElo "2673"]
[PlyCount "127"]
[EventDate "2018.03.06"]
[EventType "tourn"]
[EventRounds "9"]
[EventCountry "USA"]
[EventCategory "17"]
[SourceTitle "CBM 184"]
[Source "ChessBase"]
[SourceDate "2018.05.16"]
[SourceVersion "1"]
[SourceVersionDate "2018.05.16"]
[SourceQuality "1"]

1. d4 Nf6 2. c4 e6 3. Nf3 d5 4. g3 dxc4 5. Bg2 a6 6. Ne5 c5 7. Be3 Nd5 8. Nc3 Nxe3 9. fxe3 Nd7 10. Nxc4 Be7 11. dxc5 Bxc5 12. Nd6+ Bxd6 13. Qxd6 Qe7 14. Qd4 Nf6 15. 0-0 0-0 16. Rad1 Rb8 17. Qe5 Ra8 18. Rf4 Ra7 19. Rdf1 Nd7 20. Nd5 Qd8 21. Qd4 b6 22. Rg4 f6 23. Nb4 Bb7 24. Bxb7 Rxb7 25. Nxa6 Qa8 26. Nb4 Ne5 27. Rgf4 Nf7 28. Qe4 Qc8 29. h4 Rc7 30. Nd3 e5 31. R4f2 Rc4 32. Qf5 Qxf5 33. Rxf5 Nh6 34. R5f3 Rc2 35. Nxe5 Rxb2 36. Nc4 Rxa2 37. Nxb6 Rxe2 38. R1f2 Re1+ 39. Rf1 Re2 40. R1f2 Rxf2 41. Kxf2 Rb8 42. Nc4 Ng4+ 43. Ke2 h5 44. Rf5 g6 45. Rc5 Rb1 46. e4 Rb3 47. Rc8+ Kf7 48. Rc7+ Ke6 49. Rc6+ Kf7 50. Rc7+ Kf8 51. Rc8+ Ke7 52. Rc7+ Kd8 53. Rg7 Rxg3 54. Rxg6 Rg2+ 55. Ke1 Rh2 56. e5 fxe5 57. Rg5 Rxh4 58. Nxe5 Nf6 59. Rf5 Re4+ 60. Kf2 Rxe5 61. Rxe5 Ng4+ 62. Kg3 Nxe5 63. Kh4 Ke7 64. Kxh5 1/2-1/2

[Event "Saint Louis Spring-A"]
[Site "Saint Louis"]
[Date "2018.03.06"]
[Round "1"]
[White "Onischuk, Alexander"]
[Black "Ipatov, Alexander"]
[Result "1-0"]
[WhiteElo "2681"]
[BlackElo "2665"]
[PlyCount "119"]
[EventDate "2018.03.06"]
[EventType "tourn"]
[EventRounds "9"]
[EventCountry "USA"]
[EventCategory "17"]
[SourceTitle "CBM 184"]
[Source "ChessBase"]
[SourceDate "2018.05.16"]
[SourceVersion "1"]
[SourceVersionDate "2018.05.16"]
[SourceQuality "1"]

1. d4 g6 2. c4 Bg7 3. Nc3 e6 4. e4 Ne7 5. Nf3 d5 6. e5 Nbc6 7. Be2 h6 8. 0-0 0-0 9. Re1 b6 10. cxd5 Nxd5 11. Nxd5 Qxd5 12. Bd3 Bb7 13. Be4 Qd7 14. Be3 Rab8 15. Qd2 Kh7 16. Rac1 Ne7 17. Qc2 Bxe4 18. Qxe4 Qd5 19. Qxd5 Nxd5 20. Rc6 Rfd8 21. Rec1 a5 22. Kf1 Rd7 23. Ke2 Rb7 24. a3 a4 25. Ne1 Ne7 26. R6c2 Nf5 27. Nd3 h5 28. Rc4 b5 29. Rc6 Bf8 30. Nc5 Bxc5 31. R1xc5 b4 32. Rc4 bxa3 33. bxa3 g5 34. Rxa4 Rb3 35. Kd2 Rb1 36. Rac4 Ra1 37. Rxc7 Ra2+ 38. Rc2 Rxc2+ 39. Rxc2 Nxd4 40. Bxd4 Rxd4+ 41. Kc3 Rh4 42. h3 g4 43. hxg4 Rxg4 44. f3 Rg8 45. a4 Kg6 46. a5 Kf5 47. Re2 h4 48. Kb4 Rb8+ 49. Kc5 Rc8+ 50. Kb6 Rb8+ 51. Kc7 Ra8 52. Ra2 Kxe5 53. a6 Kf4 54. Kb7 Re8 55. a7 f5 56. a8Q Rxa8 57. Kxa8 e5 58. Kb7 h3 59. gxh3 Kxf3 60. Kc6 1-0

[Event "PRO League Stage"]
[Site "Chess.com INT"]
[Date "2018.01.31"]
[Round "3"]
[White "Onischuk, Alexander"]
[Black "Kunte, Abhijit"]
[Result "1/2-1/2"]
[WhiteElo "2681"]
[BlackElo "2499"]
[PlyCount "122"]
[EventDate "2018.01.18"]
[EventType "team-swiss (rapid)"]
[EventRounds "9"]
[EventCountry "USA"]
[SourceTitle "CBM 182 Extra"]
[Source "ChessBase"]
[SourceDate "2018.02.23"]
[SourceVersion "1"]
[SourceVersionDate "2018.02.23"]
[SourceQuality "1"]
[WhiteTeam "Estonia Horses"]
[BlackTeam "Mumbai Movers"]
[WhiteTeamCountry "EST"]
[BlackTeamCountry "IND"]

1. d4 Nf6 2. c4 e6 3. Nc3 Bb4 4. Bg5 h6 5. Bh4 c5 6. d5 d6 7. e3 Qe7 8. Bd3 Bxc3+ 9. bxc3 Nbd7 10. dxe6 Qxe6 11. Nf3 0-0 12. 0-0 Re8 13. a4 Nf8 14. Bg3 Bd7 15. Bxd6 b6 16. Bg3 Bc6 17. Ne5 Bb7 18. Qe2 Ne4 19. Bxe4 Bxe4 20. f3 Bb7 21. e4 Ba6 22. Rfd1 f6 23. Ng4 Bxc4 24. Qe3 Rad8 25. a5 Qc6 26. axb6 axb6 27. h3 Be6 28. Nf2 Bb3 29. Rxd8 Rxd8 30. Kh2 Be6 31. Nd3 Bc4 32. Nf4 Bf7 33. h4 Ng6 34. Nxg6 Bxg6 35. Qf4 Bf7 36. Ra7 Rd7 37. Rxd7 Qxd7 38. Qb8+ Kh7 39. Qxb6 c4 40. Qc5 h5 41. e5 fxe5 42. Bxe5 Qe6 43. Qd4 Qg6 44. Qf4 Be6 45. Bd4 Qf5 46. Qg3 Qg6 47. Qe5 Bf5 48. Qe7 Bd3 49. Kg1 Bf5 50. Kf2 Bd3 51. Be5 Kg8 52. Bd4 Qf7 53. Qd8+ Kh7 54. Qg5 Qg6 55. Qf4 Qf5 56. Qc7 Qg6 57. Be5 Kg8 58. Qd7 Qf7 59. Qd8+ Kh7 60. Ke3 Qg6 61. Qd7 Qxg2 1/2-1/2

[Event "PRO League Stage"]
[Site "Chess.com INT"]
[Date "2018.01.18"]
[Round "1"]
[White "Onischuk, Alexander"]
[Black "Kantans, Toms"]
[Result "0-1"]
[WhiteElo "2681"]
[BlackElo "2478"]
[PlyCount "132"]
[EventDate "2018.01.18"]
[EventType "team-swiss (rapid)"]
[EventRounds "9"]
[EventCountry "USA"]
[SourceTitle "CBM 182 Extra"]
[Source "ChessBase"]
[SourceDate "2018.02.23"]
[SourceVersion "1"]
[SourceVersionDate "2018.02.23"]
[SourceQuality "1"]
[WhiteTeam "Estonia Horses"]
[BlackTeam "Riga Magicians"]
[WhiteTeamCountry "EST"]
[BlackTeamCountry "LAT"]

1. d4 Nf6 2. c4 g6 3. Nc3 d5 4. cxd5 Nxd5 5. e4 Nxc3 6. bxc3 Bg7 7. Be3 c5 8. Nf3 Qa5 9. Qd2 0-0 10. Rc1 Nc6 11. d5 Rd8 12. Bd3 Bg4 13. 0-0 Rac8 14. dxc6 Bxf3 15. cxb7 Rb8 16. Qc2 Bg4 17. Rb1 Rd7 18. Rb5 Qxc3 19. Qxc3 Bxc3 20. Rfb1 Rxd3 21. Bxc5 Bd4 22. Bxd4 Rxd4 23. f3 Bd7 24. Ra5 Ra4 25. Rc5 Kf8 26. Rc7 Ke8 27. Rb2 Ra6 28. Rd2 Rd6 29. Rdc2 Kd8 30. Kf2 Rb6 31. R7c5 R8xb7 32. Kg3 f6 33. e5 Rb5 34. exf6 exf6 35. R5c3 Ke7 36. Re2+ Re5 37. Rd2 Be6 38. Ra3 a5 39. h4 Rc5 40. Rd4 Rb4 41. Rxa5 Rxa5 42. Rxb4 Rxa2 43. Rb5 Rd2 44. Ra5 Kf7 45. Ra7+ Rd7 46. Ra5 h5 47. Kf4 Rd4+ 48. Kg3 Rd2 49. Ra7+ Bd7 50. Kf4 Ke6 51. Ra6+ Rd6 52. Ra5 Rd4+ 53. Kg3 Bc6 54. Ra6 Rc4 55. Ra7 Rc2 56. Ra5 Bd5 57. Ra6+ Ke5 58. Ra7 Bc4 59. Ra1 Rb2 60. Rc1 Bb5 61. Re1+ Kf5 62. Rc1 g5 63. Rc5+ Kg6 64. Rc1 gxh4+ 65. Kh2 Bd7 66. Rd1 Bf5 0-1

[Event "PRO League Stage"]
[Site "Chess.com INT"]
[Date "2018.01.18"]
[Round "1"]
[White "Reimanis, Ritvars"]
[Black "Onischuk, Alexander"]
[Result "1-0"]
[WhiteElo "2335"]
[BlackElo "2681"]
[PlyCount "129"]
[EventDate "2018.01.18"]
[EventType "team-swiss (rapid)"]
[EventRounds "9"]
[EventCountry "USA"]
[SourceTitle "CBM 182 Extra"]
[Source "ChessBase"]
[SourceDate "2018.02.23"]
[SourceVersion "1"]
[SourceVersionDate "2018.02.23"]
[SourceQuality "1"]
[WhiteTeam "Riga Magicians"]
[BlackTeam "Estonia Horses"]
[WhiteTeamCountry "LAT"]
[BlackTeamCountry "EST"]

1. d4 Nf6 2. e3 e6 3. f4 c5 4. c3 b6 5. Be2 Bb7 6. Bf3 d5 7. Nd2 Nbd7 8. Nh3 Bd6 9. 0-0 h6 10. Nc4 Qe7 11. Ne5 a6 12. a4 g5 13. Nf2 Rg8 14. g3 Ne4 15. Nxe4 dxe4 16. Bh5 Bxe5 17. fxe5 Rf8 18. b3 0-0-0 19. Ba3 Nxe5 20. b4 cxd4 21. b5 Qc7 22. Bxf8 dxe3 23. Qe2 Rxf8 24. bxa6 Bd5 25. Qxe3 Qc5 26. Qxc5+ bxc5 27. Rf6 Kd7 28. Rxh6 Ke7 29. Be2 c4 30. Rb1 Ra8 31. Rh5 Kf6 32. h4 gxh4 33. Rxh4 Rxa6 34. Rf4+ Ke7 35. Bd1 f5 36. Rh4 Kd6 37. Kf2 Nd3+ 38. Ke3 Bc6 39. Kd4 e5+ 40. Kxc4 Bd5+ 41. Kb5 Ra8 42. Rh6+ Be6 43. Bb3 Rb8+ 44. Ka5 Nc5 45. Bxe6 Ra8+ 46. Kb4 Nxe6 47. Ka3 Ra6 48. Rb5 e3 49. c4 e4 50. Rxf5 e2 51. Rh1 Rc6 52. Rd5+ Ke7 53. Kb4 Rb6+ 54. Kc3 Ra6 55. a5 Nc7 56. Re5+ Kd6 57. Rxe4 Rxa5 58. Rh6+ Kd7 59. Rh7+ Kd6 60. Rxe2 Ra3+ 61. Kb4 Rxg3 62. Rd2+ Kc6 63. Rh6+ Kb7 64. Rd7 Kc8 65. Rf7 1-0

[Event "FIDE World Cup"]
[Site "Tbilisi"]
[Date "2017.09.08"]
[Round "2.3"]
[White "Onischuk, Alexander"]
[Black "Wojtaszek, Radoslaw"]
[Result "1/2-1/2"]
[WhiteElo "2682"]
[BlackElo "2745"]
[PlyCount "93"]
[EventDate "2017.09.03"]
[EventType "k.o."]
[EventRounds "7"]
[EventCountry "GEO"]
[SourceTitle "CBM 181"]
[Source "ChessBase"]
[SourceDate "2017.11.10"]
[SourceVersion "1"]
[SourceVersionDate "2017.11.10"]
[SourceQuality "1"]

1. d4 Nf6 2. c4 e6 3. Nf3 d5 4. g3 Bb4+ 5. Bd2 Be7 6. Bg2 0-0 7. 0-0 Nbd7 8. Qc2 c6 9. Rd1 b6 10. Ne5 Nxe5 11. dxe5 Nd7 12. Bc3 Qc7 13. f4 Ba6 14. cxd5 cxd5 15. Qd2 Nc5 16. Bd4 Ne4 17. Bxe4 dxe4 18. Qe3 Rfd8 19. Nc3 Qc4 20. Qxe4 Rab8 21. Be3 Qxe4 22. Nxe4 Bxe2 23. Rxd8+ Rxd8 24. Rc1 Rd1+ 25. Rxd1 Bxd1 26. Nc3 Bf3 27. Nb5 a6 28. Nc7 Bb7 29. Bxb6 Bd8 30. Kf2 Bxc7 31. Bxc7 Kf8 32. g4 Bd5 33. a3 Ke7 34. Bd6+ Kd7 35. Bf8 g6 36. Bh6 Bb3 37. Kg3 a5 38. Kh4 a4 39. Kg5 Ke7 40. h4 Bd1 41. h5 gxh5 42. Kxh5 Be2 43. Kg5 Bd1 44. Bg7 Be2 45. Bf6+ Ke8 46. f5 Bd1 47. fxe6 1/2-1/2

[Event "FIDE World Cup"]
[Site "Tbilisi"]
[Date "2017.09.07"]
[Round "2.2"]
[White "Wojtaszek, Radoslaw"]
[Black "Onischuk, Alexander"]
[Result "1/2-1/2"]
[WhiteElo "2745"]
[BlackElo "2682"]
[PlyCount "103"]
[EventDate "2017.09.03"]
[EventType "k.o."]
[EventRounds "7"]
[EventCountry "GEO"]
[SourceTitle "CBM 181"]
[Source "ChessBase"]
[SourceDate "2017.11.10"]
[SourceVersion "1"]
[SourceVersionDate "2017.11.10"]
[SourceQuality "1"]

1. d4 Nf6 2. c4 e6 3. Nc3 d5 4. cxd5 exd5 5. Bg5 c6 6. e3 Be7 7. Bd3 Nbd7 8. Qc2 Nh5 9. Bxe7 Qxe7 10. 0-0-0 Nb6 11. h3 Be6 12. Nge2 0-0-0 13. Kb1 Kb8 14. a4 Qb4 15. Nc1 Nc4 16. Ka1 Nf6 17. N3a2 Qe7 18. e4 g6 19. Rhe1 Rhe8 20. f4 Qc7 21. e5 Nh5 22. Qf2 f5 23. Nb3 Ng7 24. Rc1 Bg8 25. Nc5 Ne6 26. Nxe6 Bxe6 27. b3 Na5 28. Rc3 Qe7 29. Rb1 Rc8 30. Qd2 c5 31. Bb5 c4 32. bxc4 Nxc4 33. Bxc4 dxc4 34. d5 Qd7 35. d6 Rc5 36. Ra3 Rd5 37. Qb4 Rc8 38. Nc3 Rd3 39. Ra2 Qc6 40. Rab2 b6 41. a5 Qc5 42. axb6 Qxb4 43. bxa7+ Ka8 44. Rxb4 Rxc3 45. d7 Bxd7 46. Rb8+ Kxa7 47. R8b7+ Ka6 48. Rxd7 Rc5 49. Rd6+ Ka7 50. Rd7+ Ka6 51. Rd6+ Ka7 52. Rd7+ 1/2-1/2

[Event "FIDE World Cup"]
[Site "Tbilisi"]
[Date "2017.09.06"]
[Round "2.1"]
[White "Onischuk, Alexander"]
[Black "Wojtaszek, Radoslaw"]
[Result "1/2-1/2"]
[WhiteElo "2682"]
[BlackElo "2745"]
[PlyCount "83"]
[EventDate "2017.09.03"]
[EventType "k.o."]
[EventRounds "7"]
[EventCountry "GEO"]
[SourceTitle "CBM 181"]
[Source "ChessBase"]
[SourceDate "2017.11.10"]
[SourceVersion "1"]
[SourceVersionDate "2017.11.10"]
[SourceQuality "1"]

1. d4 Nf6 2. c4 e6 3. g3 d5 4. Nf3 Bb4+ 5. Nbd2 dxc4 6. a3 Bxd2+ 7. Bxd2 0-0 8. Qc2 b6 9. Qxc4 Bb7 10. Rc1 c5 11. dxc5 Bd5 12. Qh4 Nbd7 13. c6 Nc5 14. Bg2 Rc8 15. Bg5 Nce4 16. Be3 Rxc6 17. Rxc6 Bxc6 18. 0-0 h6 19. Rc1 Ba8 20. Qf4 Nd6 21. Qa4 Qe7 22. Bf4 Rc8 23. Rxc8+ Nxc8 24. Qd4 Qd7 25. Qxd7 Nxd7 26. Bh3 Kf8 27. Ne5 Ke7 28. Nxd7 Kxd7 29. f3 Bd5 30. e4 Bc4 31. Be5 f6 32. Bc3 Ne7 33. Kf2 Nc6 34. Ke3 a5 35. f4 b5 36. e5 f5 37. Bd4 g5 38. Bc5 g4 39. Bg2 Kc7 40. Kd2 a4 41. Kc3 h5 42. Bxc6 1/2-1/2

[Event "WchT 11th"]
[Site "Khanty-Mansiysk"]
[Date "2017.06.24"]
[Round "7.2"]
[White "Onischuk, Alexander"]
[Black "Yilmaz, Mustafa"]
[Result "1-0"]
[WhiteElo "2685"]
[BlackElo "2630"]
[PlyCount "83"]
[EventDate "2017.06.17"]
[EventType "team-tourn"]
[EventRounds "9"]
[EventCountry "RUS"]
[SourceTitle "CBM 179"]
[Source "ChessBase"]
[SourceDate "2017.07.12"]
[SourceVersion "1"]
[SourceVersionDate "2017.07.12"]
[SourceQuality "1"]
[WhiteTeam "United States"]
[BlackTeam "Turkey"]
[WhiteTeamCountry "USA"]
[BlackTeamCountry "TUR"]

1. d4 Nf6 2. c4 e6 3. Nc3 d5 4. cxd5 exd5 5. Bg5 c6 6. e3 Be7 7. Bd3 Nbd7 8. Nf3 Ne4 9. Bf4 Ndf6 10. Qc2 0-0 11. Ne5 Nxc3 12. bxc3 c5 13. 0-0 c4 14. Be2 Ne4 15. f3 Nd6 16. e4 Be6 17. Rae1 Rc8 18. h3 Bh4 19. Rb1 Re8 20. Ng4 dxe4 21. Bxd6 exf3 22. Bxf3 Qxd6 23. Rxb7 Bd8 24. Ne5 Bb6 25. Kh1 Rc7 26. Rxc7 Bxc7 27. Be4 g6 28. Qa4 Re7 29. Qc6 Qd8 30. Qc5 Re8 31. Bc6 Rf8 32. Qxa7 Qd6 33. Bb7 f6 34. Nf3 Rb8 35. a4 Qd7 36. Qa6 Bf4 37. Bc6 Qc7 38. d5 Bf5 39. Qxc4 Qd6 40. Nd4 Be4 41. Nb5 Rxb5 42. Qxe4 1-0

[Event "WchT 11th"]
[Site "Khanty-Mansiysk"]
[Date "2017.06.20"]
[Round "4.1"]
[White "Vidit, Santosh Gujrathi"]
[Black "Onischuk, Alexander"]
[Result "1/2-1/2"]
[WhiteElo "2692"]
[BlackElo "2685"]
[PlyCount "119"]
[EventDate "2017.06.17"]
[EventType "team-tourn"]
[EventRounds "9"]
[EventCountry "RUS"]
[SourceTitle "CBM 179"]
[Source "ChessBase"]
[SourceDate "2017.07.12"]
[SourceVersion "1"]
[SourceVersionDate "2017.07.12"]
[SourceQuality "1"]
[WhiteTeam "India"]
[BlackTeam "United States"]
[WhiteTeamCountry "IND"]
[BlackTeamCountry "USA"]

1. d4 Nf6 2. c4 e6 3. Nf3 d5 4. g3 Be7 5. Bg2 0-0 6. 0-0 dxc4 7. Qc2 a6 8. a4 Bd7 9. Qxc4 Bc6 10. Bg5 Bd5 11. Qc2 Be4 12. Qd1 h6 13. Bxf6 Bxf6 14. Nbd2 Bxf3 15. Nxf3 c6 16. a5 Nd7 17. Qb3 Rb8 18. Rfd1 b6 19. Ne5 Bxe5 20. dxe5 Qc7 21. axb6 Nxb6 22. Qc3 Rfd8 23. Rxd8+ Qxd8 24. Qxc6 Rc8 25. Qd6 Nc4 26. Qxd8+ Rxd8 27. b3 Nd2 28. Rxa6 Nxb3 29. f4 h5 30. Kf2 Kf8 31. Ra3 Nd4 32. Ra7 Nf5 33. Be4 g6 34. Bd3 Rd4 35. Kf3 Rb4 36. Ra8+ Kg7 37. Ra7 Nd4+ 38. Kf2 Nf5 39. Kg2 Kf8 40. Kh3 Kg7 41. Rd7 Ne3 42. Ra7 Nf5 43. Ra3 Rd4 44. Kg2 Rb4 45. Kf2 Kf8 46. Ra2 Kg7 47. Kf3 Nd4+ 48. Ke3 Nf5+ 49. Kd2 h4 50. e4 hxg3 51. Kc3 Ra4 52. Rxa4 gxh2 53. Ra1 Ng3 54. Kd2 h1Q 55. Rxh1 Nxh1 56. Ke3 Ng3 57. Kf3 Nh5 58. Kg4 Kh6 59. Bb5 f5+ 60. exf6 1/2-1/2

[Event "USA-ch playoff"]
[Site "Saint Louis"]
[Date "2017.04.10"]
[Round "2"]
[White "Onischuk, Alexander"]
[Black "So, Wesley"]
[Result "1/2-1/2"]
[WhiteElo "2667"]
[BlackElo "2822"]
[PlyCount "128"]
[EventDate "2017.04.10"]
[EventType "match (rapid)"]
[EventRounds "2"]
[EventCountry "USA"]
[SourceTitle "CBM 178"]
[Source "ChessBase"]
[SourceDate "2017.05.14"]
[SourceVersion "1"]
[SourceVersionDate "2017.05.14"]
[SourceQuality "1"]

1. Nf3 d5 2. g3 c6 3. Bg2 Bg4 4. 0-0 Nd7 5. d3 Ngf6 6. h3 Bh5 7. Nbd2 e5 8. e4 Be7 9. Qe1 0-0 10. Nh4 Re8 11. Ndf3 dxe4 12. dxe4 Nc5 13. g4 Bg6 14. Nxg6 hxg6 15. Nxe5 Bd6 16. Nc4 Ncxe4 17. Nxd6 Qxd6 18. Qd1 Qc5 19. Be3 Qa5 20. c4 Rad8 21. Qc2 Nc5 22. Rfd1 Ne6 23. Qc3 Qc7 24. Qa3 b6 25. b4 g5 26. Qa4 c5 27. bxc5 Nxc5 28. Qc2 Ne6 29. a4 Nf4 30. Bf1 Rxd1 31. Rxd1 Ne4 32. a5 Nc5 33. axb6 axb6 34. Qf5 f6 35. h4 Re5 36. Bxf4 gxf4 37. Qxf4 Qe7 38. Bg2 Re1+ 39. Rxe1 Qxe1+ 40. Kh2 Qe7 41. Qb8+ Kh7 42. Qxb6 Qe5+ 43. Kg1 Qd4 44. Qb1+ Nd3 45. Qc2 Kh8 46. Qe2 Ne5 47. Bd5 g5 48. h5 Kg7 49. Kg2 Kh6 50. Kg3 Qf4+ 51. Kh3 Qd4 52. Kg3 Qf4+ 53. Kg2 Qd4 54. Be6 Nd3 55. Kg1 Nf4 56. Qc2 Qa1+ 57. Kh2 Qe5 58. Bg8 Nxh5+ 59. Kg2 Nf4+ 60. Kf3 Ng6 61. Qe4 Nh4+ 62. Ke3 Ng2+ 63. Kf3 Ne1+ 64. Ke3 Nc2+ 1/2-1/2

[Event "USA-ch playoff"]
[Site "Saint Louis"]
[Date "2017.04.10"]
[Round "1"]
[White "So, Wesley"]
[Black "Onischuk, Alexander"]
[Result "1-0"]
[WhiteElo "2822"]
[BlackElo "2667"]
[PlyCount "61"]
[EventDate "2017.04.10"]
[EventType "match (rapid)"]
[EventRounds "2"]
[EventCountry "USA"]
[SourceTitle "CBM 178"]
[Source "ChessBase"]
[SourceDate "2017.05.14"]
[SourceVersion "1"]
[SourceVersionDate "2017.05.14"]
[SourceQuality "1"]

1. c4 e6 2. Nc3 Nf6 3. e4 d5 4. cxd5 exd5 5. e5 Ne4 6. Nf3 Bf5 7. Be2 Be7 8. 0-0 0-0 9. Qb3 Nc6 10. Nxd5 Bc5 11. Ne3 Bg6 12. Qxb7 Nd4 13. Nxd4 Bxd4 14. d3 Nc5 15. Qb5 Rb8 16. Qc4 Ne6 17. f4 Bxb2 18. Rb1 Qd4 19. Rxb2 Rxb2 20. Bg4 Rb4 21. Qxd4 Rxd4 22. f5 Nf4 23. Nc2 Ra4 24. Bxf4 h5 25. Bd1 Bh7 26. Ne3 Rxa2 27. e6 fxe6 28. Bb3 Re2 29. fxe6 Re8 30. e7+ Kh8 31. Bg5 1-0

[Event "USA-ch"]
[Site "Saint Louis"]
[Date "2017.04.08"]
[Round "10"]
[White "Onischuk, Alexander"]
[Black "Xiong, Jeffery"]
[Result "1-0"]
[WhiteElo "2667"]
[BlackElo "2674"]
[PlyCount "103"]
[EventDate "2017.03.29"]
[EventType "tourn"]
[EventRounds "11"]
[EventCountry "USA"]
[EventCategory "18"]
[SourceTitle "CBM 178"]
[Source "ChessBase"]
[SourceDate "2017.05.14"]
[SourceVersion "1"]
[SourceVersionDate "2017.05.14"]
[SourceQuality "1"]

1. d4 Nf6 2. c4 g6 3. Nc3 d5 4. cxd5 Nxd5 5. e4 Nxc3 6. bxc3 Bg7 7. Nf3 c5 8. Be3 Bg4 9. Rc1 0-0 10. Be2 Qa5 11. Qd2 cxd4 12. cxd4 Nc6 13. Qxa5 Nxa5 14. h3 Bxf3 15. Bxf3 Rfc8 16. Ke2 e5 17. dxe5 Bxe5 18. Bg4 Rc4 19. f4 Bb2 20. Rxc4 Nxc4 21. Bf2 Re8 22. Bf3 Na3 23. Rd1 Rc8 24. e5 Bc1 25. Bxb7 Rc2+ 26. Kf3 Bd2 27. Bd5 Nb5 28. Bb3 Rb2 29. g3 Nc3 30. Ra1 a5 31. e6 fxe6 32. Bxe6+ Kf8 33. Bc5+ Kg7 34. Bd4+ Kf8 35. Bb3 Ke8 36. Rf1 a4 37. Bxc3 Bxc3 38. Bxa4+ Kf8 39. Bb3 Bd2 40. Rf2 Bc3 41. Rxb2 Bxb2 42. Ke4 Ba3 43. Ke5 Ke7 44. g4 Bd6+ 45. Ke4 Ba3 46. Bg8 h6 47. h4 Kf6 48. Bb3 Ke7 49. g5 hxg5 50. hxg5 Kf8 51. Kf3 Kg7 52. Kg4 1-0